000 00468nam a2200169Ia 4500
008 220531s9999 xx 000 0 und d
041 _amar
100 _aचव्‍हाण बी. जी.
_933438
245 _aसूक्ष्‍म अर्थशास्‍त्र
250 _a1ST
260 _bMayoora
_c1994
300 _a175
542 _d01-01-2010
650 _aEconomics
_933439
906 _d2009-2010
_d2015-2016
_f3976
999 _c20708
_d20708